000 00496nam a2200181Ia 4500
001 9006
005 20260306160651.0
008 260306t2011||||xx |||||||||||||| ||spa||
041 _aESP
082 _a372.21
_bR52
100 _aRibes Antuña, María Dolores
_eAUT
245 0 _aHabilidades sociales y dinamización de grupos:
_bservicios socioculturales y a la comunidad
260 _c2011
300 _a213 páginas :
_c24 cm.
650 _aGEN
654 _aCED
942 _cLIB
_dJUS
_fJUS
_2ddc
_n
999 _c9006
_d9006